000
00354nam a2200169Ia 4500
100
_a
Sherman/John
650
_a
Philosophy
942
_c
BK
366
_f
25
654
_a
under pressure
245
_a
Under Pressure
260
_b
Better Yourself Books
_a
Bandra
_c
2000
082
_a
170/SHE
_b
SHE
300
_a
94
546
_a
ENGLISH
999
_c
19639
_d
19639